[Event "Omsk-ch op"]
[Site "Omsk"]
[Date "2009.02.18"]
[Round "5"]
[White "Kvast, Gennady"]
[Black "Tsalko, Vadim"]
[Result "0-1"]
[WhiteElo "2079"]
[BlackElo "1950"]
[PlyCount "120"]
[EventDate "2009.02.12"]
[EventType "swiss"]
[EventRounds "11"]
[EventCountry "RUS"]
[SourceTitle "CBM 129 Extra"]
[Source "ChessBase"]
[SourceDate "2009.05.05"]
[SourceVersion "2"]
[SourceVersionDate "2009.05.20"]
[SourceQuality "1"]

1. Nf3 d5 2. e3 Nf6 3. c4 e6 4. b3 c6 5. Bb2 Be7 6. d4 Nbd7 7. c5 b6 8. b4 a5 9. a3 Bb7 10. Nbd2 Ba6 11. Bxa6 Rxa6 12. Qc2 Qa8 13. 0-0 0-0 14. Bc3 Rb8 15. Rfb1 Bd8 16. cxb6 axb4 17. Bxb4 Rbxb6 18. Nb3 Bc7 19. Nc5 Nxc5 20. Bxc5 Rxb1+ 21. Rxb1 Ne4 22. Bb4 Rb6 23. Nd2 Nxd2 24. Qxd2 e5 25. Rc1 e4 26. Qe2 Qb8 27. h3 g6 28. Qg4 Qd8 29. g3 Kg7 30. Kg2 Qf6 31. h4 h5 32. Qe2 Bb8 33. Bc5 Rb7 34. a4 Bd6 35. a5 Rb5 36. Bxd6 Qxd6 37. Ra1 Qb4 38. Qa2 Qb2 39. Qxb2 Rxb2 40. a6 Rb8 41. a7 Ra8 42. f3 Kf8 43. g4 hxg4 44. fxg4 Ke7 45. Kg3 f6 46. Kf4 Ke6 47. Ra6 Kf7 48. g5 fxg5+ 49. Kxg5 Kg7 50. h5 gxh5 51. Kxh5 Kf7 52. Kg5 Ke7 53. Kf5 Kd7 54. Kf6 Kc7 55. Ke7 Kb7 56. Ra3 Rxa7 57. Rb3+ Kc7 58. Ke6 Ra2 59. Rb1 Ra3 60. Re1 Rb3 0-1

[Event "Omsk-ch op"]
[Site "Omsk"]
[Date "2009.02.14"]
[Round "2"]
[White "Tsalko, Vadim"]
[Black "Krivoshapko, Alexander"]
[Result "0-1"]
[WhiteElo "1950"]
[BlackElo "2044"]
[PlyCount "20"]
[EventDate "2009.02.12"]
[EventType "swiss"]
[EventRounds "11"]
[EventCountry "RUS"]
[SourceTitle "CBM 129 Extra"]
[Source "ChessBase"]
[SourceDate "2009.05.05"]
[SourceVersion "2"]
[SourceVersionDate "2009.05.20"]
[SourceQuality "1"]

1. d4 b5 2. e4 Bb7 3. Bd3 e6 4. Ne2 a6 5. 0-0 Nf6 6. Bg5 Be7 7. Nd2 d5 8. Bxf6 Bxf6 9. e5 Be7 10. f4 g6 0-1

[Event "Omsk-ch op"]
[Site "Omsk"]
[Date "2009.02.12"]
[Round "1"]
[White "Strizhachenko, Yuri"]
[Black "Tsalko, Vadim"]
[Result "1-0"]
[WhiteElo "2101"]
[BlackElo "1950"]
[PlyCount "69"]
[EventDate "2009.02.12"]
[EventType "swiss"]
[EventRounds "11"]
[EventCountry "RUS"]
[SourceTitle "CBM 129 Extra"]
[Source "ChessBase"]
[SourceDate "2009.05.05"]
[SourceVersion "2"]
[SourceVersionDate "2009.05.20"]
[SourceQuality "1"]

1. c4 e5 2. Nc3 Nf6 3. Nf3 Nc6 4. d4 exd4 5. Nxd4 Nxd4 6. Qxd4 Be7 7. g3 0-0 8. Bg2 c6 9. 0-0 Bb4 10. Bg5 Be7 11. Rad1 Re8 12. Rfe1 Qa5 13. Bc1 Qh5 14. Bf3 Qf5 15. Bf4 g5 16. e4 Qg6 17. Bc1 h5 18. e5 Nh7 19. Ne4 h4 20. g4 Nf8 21. h3 Ne6 22. Qc3 Nc7 23. b3 a6 24. Nd6 Bxd6 25. exd6 Rxe1+ 26. Qxe1 Ne6 27. Be4 Qf6 28. Bf5 b6 29. Bxe6 fxe6 30. Qe3 c5 31. Qxg5+ Kf7 32. Qxf6+ Kxf6 33. f4 Bb7 34. Re1 Rc8 35. Bb2+ 1-0

[Event "Omsk RT op"]
[Site "Omsk"]
[Date "2009.??.??"]
[Round "8"]
[White "Krivoshapko, Alexander"]
[Black "Tsalko, Vadim"]
[Result "1-0"]
[WhiteElo "2044"]
[BlackElo "1950"]
[PlyCount "73"]
[EventDate "2009.??.??"]
[EventType "swiss"]
[EventRounds "9"]
[EventCountry "RUS"]
[SourceTitle "EXT 2011"]
[Source "ChessBase"]
[SourceDate "2010.11.26"]
[SourceVersion "1"]
[SourceVersionDate "2010.11.26"]
[SourceQuality "1"]

1. b4 e5 2. Bb2 Bxb4 3. Bxe5 Nf6 4. c4 Nc6 5. Bb2 0-0 6. e3 Re8 7. Nf3 d5 8. Be2 Bf5 9. 0-0 Ne4 10. d3 Ng5 11. cxd5 Nxf3+ 12. Bxf3 Ne5 13. Be2 Qh4 14. e4 Bd7 15. Ba3 Ba5 16. Nd2 Rad8 17. Nf3 Qh6 18. Bb2 Ng6 19. Bc1 Nf4 20. Bxf4 Qxf4 21. Qc1 Qf6 22. a4 c6 23. dxc6 Bxc6 24. Qc2 g5 25. h3 h5 26. Qc5 Bc3 27. Rac1 Be5 28. Nxe5 Qxe5 29. a5 h4 30. a6 Re7 31. Qxa7 f5 32. Qb6 Rd6 33. a7 Re8 34. Qb3+ Kg7 35. Qa3 Ra8 36. Rc5 Qd4 37. Rxf5 1-0

[Event "Omsk RT op"]
[Site "Omsk"]
[Date "2009.??.??"]
[Round "2"]
[White "Zenzera, Alexey"]
[Black "Tsalko, Vadim"]
[Result "1-0"]
[WhiteElo "2071"]
[BlackElo "1950"]
[PlyCount "81"]
[EventDate "2009.??.??"]
[EventType "swiss"]
[EventRounds "9"]
[EventCountry "RUS"]
[SourceTitle "EXT 2011"]
[Source "ChessBase"]
[SourceDate "2010.11.26"]
[SourceVersion "1"]
[SourceVersionDate "2010.11.26"]
[SourceQuality "1"]

1. Nf3 d5 2. c4 e6 3. b3 Nf6 4. Bb2 Be7 5. g3 Nbd7 6. Bg2 0-0 7. 0-0 c6 8. d3 Re8 9. Nbd2 Bd6 10. cxd5 exd5 11. Re1 Qb6 12. e4 Ne5 13. Nxe5 Bxe5 14. Bxe5 Rxe5 15. Nf3 Bg4 16. Qd2 Bxf3 17. Bxf3 Rae8 18. exd5 Nxd5 19. Bxd5 cxd5 20. Rxe5 Rxe5 21. Rc1 g6 22. Qb2 Qe6 23. Rc2 h5 24. Qd4 b6 25. a4 Qf5 26. Kg2 Re7 27. b4 Qe5 28. Qxe5 Rxe5 29. Rc7 Re2 30. Rxa7 Rb2 31. b5 Rb4 32. Kf3 Kg7 33. Ra6 h4 34. gxh4 Rxh4 35. Ke3 Rb4 36. Rxb6 Rxa4 37. Rd6 Rh4 38. Rxd5 Rxh2 39. b6 Rh8 40. Rd6 Rb8 41. Kd4 1-0

[Event "Omsk op"]
[Site "Omsk"]
[Date "2008.12.07"]
[Round "7"]
[White "Tsalko, Vadim"]
[Black "Kharlamov, Igor1111"]
[Result "1/2-1/2"]
[WhiteElo "1885"]
[BlackElo "1964"]
[PlyCount "108"]
[EventDate "2008.11.23"]
[EventType "swiss"]
[EventRounds "9"]
[EventCountry "RUS"]
[SourceTitle "CBM 127 Extra"]
[Source "ChessBase"]
[SourceDate "2009.01.08"]
[SourceVersion "2"]
[SourceVersionDate "2009.01.28"]
[SourceQuality "1"]

1. d4 Nf6 2. c4 e6 3. Nf3 b6 4. Bg5 Bb7 5. Nc3 Bb4 6. Rc1 h6 7. Bxf6 Qxf6 8. a3 Bxc3+ 9. Rxc3 0-0 10. d5 d6 11. e4 Nd7 12. Qc2 c6 13. dxe6 fxe6 14. Be2 e5 15. 0-0 Nc5 16. b4 Ne6 17. Rd1 Nd4 18. Qa2 c5 19. Re3 g5 20. Bd3 Ne6 21. g3 Nd4 22. Nxd4 exd4 23. Ree1 Rae8 24. Qe2 Re5 25. Rf1 Qg6 26. f3 Rfe8 27. f4 Rxe4 28. Bxe4 Rxe4 29. Qg4 Qe8 30. Rd2 d3 31. Rxd3 Re2 32. Rdf3 Bxf3 33. Qxf3 Qe3+ 34. Qxe3 Rxe3 35. fxg5 hxg5 36. b5 Rxa3 37. Rd1 Ra4 38. Rxd6 Rxc4 39. Rg6+ Kf7 40. Rxg5 Rb4 41. h4 Rxb5 42. h5 Rb1+ 43. Kg2 Rd1 44. h6 Rd6 45. Rh5 Kg8 46. g4 a5 47. g5 Kh7 48. Rh4 b5 49. Re4 a4 50. Re7+ Kh8 51. Re8+ Kh7 52. Re7+ Kh8 53. Re8+ Kh7 54. Re7+ Kh8 1/2-1/2